Peter's dream : (Record no. 6595)

MARC details
000 -LEADER
fixed length control field 00978nam a22002777a 4500
001 - CONTROL NUMBER
control field 6595
003 - CONTROL NUMBER IDENTIFIER
control field FISKH
005 - DATE AND TIME OF LATEST TRANSACTION
control field 20250812132309.0
008 - FIXED-LENGTH DATA ELEMENTS--GENERAL INFORMATION
fixed length control field 250513b cb ||||| |||| 00| 0 eng d
020 ## - INTERNATIONAL STANDARD BOOK NUMBER
International Standard Book Number 076645060310
040 ## - CATALOGING SOURCE
Original cataloging agency FISKH
Language of cataloging eng
Transcribing agency FISKH
Modifying agency FISKH
050 ## - LIBRARY OF CONGRESS CALL NUMBER
Classification number PZ7.H568 P
082 ## - DEWEY DECIMAL CLASSIFICATION NUMBER
Classification number 428.64
100 ## - MAIN ENTRY--PERSONAL NAME
Personal name Hoffman, Joan
245 ## - TITLE STATEMENT
Title Peter's dream :
Remainder of title A start to read book
Statement of responsibility, etc. Written by Joan Hoffman ; Illustrated by Linda Bronson
260 ## - PUBLICATION, DISTRIBUTION, ETC.
Place of publication, distribution, etc. Michigan :
Name of publisher, distributor, etc. School Zone Publishing Company,
Date of publication, distribution, etc. 1819.
300 ## - PHYSICAL DESCRIPTION
Extent 16 pages :
Other physical details color illustrations ;
Dimensions 23 cm
490 ## - SERIES STATEMENT
Series statement Teacher your child to read :
Volume/sequential designation level 2
505 ## - FORMATTED CONTENTS NOTE
Formatted contents note G<br/>
520 ## - SUMMARY, ETC.
Summary, etc. Peter dreams of a far away land where boys and girls live without anyone telling them what to do-but there is no one to call when they have bad dreams.
521 8# - TARGET AUDIENCE NOTE
Target audience note 380<br/>
Source Lexile estimate<br/>
521 8# - TARGET AUDIENCE NOTE
Target audience note G<br/>
Source Raz-Plus<br/>
650 ## - SUBJECT ADDED ENTRY--TOPICAL TERM
Topical term or geographic name entry element Dream
Form subdivision Fantasy
General subdivision Picture book
942 ## - ADDED ENTRY ELEMENTS (KOHA)
Source of classification or shelving scheme Dewey Decimal Classification
Koha item type Books
Suppress in OPAC No
Holdings
Withdrawn status Lost status Source of classification or shelving scheme Damaged status Not for loan Collection Home library Current library Shelving location Date acquired Total Checkouts Full call number Barcode Date last seen Copy number Price effective from Koha item type
    Dewey Decimal Classification     Juvenile Fiction Footprints International School Library Network Toul Kork Campus Footprints International School Library Network Toul Kork Campus TK Primary Library Room(4th Floor), Bookcase 1&2, Shelves 1-16, Dark Blue Books 05/13/2025   HOF 428.64 PZ7.H568 P 2025-1293 05/13/2025 1 05/13/2025 Books
    Dewey Decimal Classification     Juvenile Fiction Footprints International School Library Network Toul Tom Poung Campus Footprints International School Library Network Toul Tom Poung Campus TTP Primary Dark Blue Bookshelves 08/12/2025   HOF 428.64 PZ7.H568 P 2025-4075 08/12/2025 2 08/12/2025 Books